000 00433nam a2200169Ia 4500
001 13749
005 20260306164824.0
008 260306t9999||||xx |||||||||||||| ||spa||
041 _aESP
082 _a005.133C2
_bV36
100 _aVásquez Paragulla, Julio
_eAUT
245 0 _aGuía de programación C++:
_bpara todo el mundo
300 _a727 páginas :
_c22 cm.
650 _aGEN
654 _aCCC
942 _cLIB
_dJUS
_fJUS
_2ddc
_n
999 _c13749
_d13749